Czasowniki nieregularne | Angielski A2 - Statystyki

Ogólne statystyki
  • Ten quiz został rozwiązany 131 razy
  • Średni wynik to 13 z 15
Statystyki odpowiedzi
Hint Odpowiedź % Poprawnych
become became
97%
come came
97%
cut cut
97%
cost cost
95%
have had
95%
eat ate
94%
break broke
94%
go went
92%
begin began
91%
do did
86%
draw drew
84%
fall fell
84%
grow grew
78%
fly flew
74%
be was were
69%
Nie znaleziono quizów pasujących do podanych kryteriów
Rozkład punktacji
Procent ludzi z każdym wynikiem
Percentyl według liczby udzielonych odpowiedzi
Twoja historia wyników
Nie rozwiązałeś tego quizu